History Quiz

Random History or Islam Quiz
Score 0/29 Timer 04:00
5 Plays Today
Years Modern Country % Correct
c. 3200 BC - PresentEgypt
96.4%
c.1503 BC - 1841Israel
92%
c. 3200 BC - 1956Sudan
91.1%
909 - 1935Libya
89.5%
c. 1550 BC - 1841Saudi Arabia
89.1%
301 BC - 1841Turkey
89.1%
c. 1503 BC - 1961Syria
87.4%
1137 - 1508Iraq
86.9%
c.1503 BC - 1841Jordan
86.4%
909 - 1174Algeria
86.3%
909 - 1174Tunisia
85.9%
1875 - 1888Ethiopia
84.3%
974 - 987Morocco
84.2%
1871 - 1956South Sudan
83.2%
36 BC - 1450Greece
82.8%
Years Modern Country % Correct
c.1503 BC - 1841Lebanon
81.4%
1173 - 1838Yemen
80.8%
c.1503 BC - 1967Palestine
79.6%
1584 - 1884Somalia
78%
1874 - 1919Chad
77.9%
973 - 1091Italy
77.4%
1813 - 1882Eritrea
77.2%
c. 560 BC - 1829Cyprus
74.9%
1584 - 1882Djibouti
71.8%
1874 - 1888Kenya
70%
973 - 1091Malta
63.3%
1874 - 1888Uganda
56.3%
1874 - 1880Central African Republic
56.1%
1874 - 1883Democratic Republic of the Congo
50.7%
Come Together.
Have Fun.
All Virtual.
We all need to come together. Play Sporcle's virtual live trivia to have fun, connect with people, and get your trivia on. Join a live hosted trivia game for your favorite pub trivia experience done virtually. If a virtual private party is more your thing, go here for details.

You're not logged in!

Compare scores with friends on all Sporcle quizzes.
OR
Log In

Sporcle TV

Today on Sporcle TV


Watch our educational content, quiz creation guides, and fun videos on Sporcle TV.

Show Comments

Extras

Top Quizzes Today


Score Distribution

Paid Content

Your Account Isn't Verified!

In order to create a playlist on Sporcle, you need to verify the email address you used during registration. Go to your Sporcle Settings to finish the process.

Report this User

Report this user for behavior that violates our Community Guidelines.

Details: